Malá encyklopédia public relations. 10
Komunikácia v predvolebnej kampani, klientom public relations je politická strana, zoskupenie, či politická osobnosť. Zložky politickej kampane: peniaze, kandidáti, politická organizácia, témy. Public relations po voľbách.
Gespeichert in:
| 1. Verfasser: | |
|---|---|
| Format: | Buchkapitel |
| Sprache: | Slowakisch |
| Schlagworte: | |
| Tags: |
Keine Tags, Fügen Sie das erste Tag hinzu!
|
MARC
| LEADER | 00000naa a2200000 4500 | ||
|---|---|---|---|
| 001 | r015314 | ||
| 005 | 20221213114541.0 | ||
| 041 | 0 | |a slo | |
| 044 | |a SK | ||
| 245 | 1 | 0 | |a Malá encyklopédia public relations. 10 |c Ivan Žáry |
| 520 | |a Komunikácia v predvolebnej kampani, klientom public relations je politická strana, zoskupenie, či politická osobnosť. Zložky politickej kampane: peniaze, kandidáti, politická organizácia, témy. Public relations po voľbách. | ||
| 610 | 2 | 0 | |a strany politické |
| 610 | 2 | 0 | |a hnutie politické |
| 610 | 2 | 0 | |a komunikácia |
| 610 | 2 | 0 | |a voľby |
| 610 | 2 | 0 | |a práca s verejnosťou |
| 100 | 1 | |a Žáry, Ivan | |